| 000 | 01114nam a22002417a 4500 | ||
|---|---|---|---|
| 005 | 20121010141910.0 | ||
| 008 | 121010t xxu||||| |||| 00| 0 mar d | ||
| 010 | _aMAR-22870 | ||
| 020 | _c150.00 | ||
| 035 | _aMR-15528 | ||
| 037 | _bDBAD/PUB | ||
| 040 |
_aDPL _bMR |
||
| 082 | _a780 | ||
| 100 |
_953016 _aमंगरूळकर, नारायण |
||
| 245 |
_aसा रे ग म प ध नि गुरूके गुण गाओ ती ती ना धी ना धी ना / _cनारायण मंगरूळकर |
||
| 246 |
_aSa Re Ga Ma Pa Da Ni Guru Ke Gun Gao Ti Ti Na Dhi Na Di Na _bby Narayan Mangrulakar |
||
| 260 |
_aनागपूर _bलाखे प्रकाशन _c2012 |
||
| 270 |
_bनागपूर _aमुकुंदराज पथ,महाल, _e-32 |
||
| 300 |
_a152पृ _c22सेमी(अजिल्द) _bसचित्र |
||
| 650 | _954401 | ||
| 942 |
_2ddc _cMR _mमंगरू _h780 |
||
| 999 |
_c72279 _d72279 |
||